| 000 | 00531nam a22001817a 4500 | ||
|---|---|---|---|
| 003 | CEME | ||
| 005 | 20210628202813.0 | ||
| 008 | 210118b xxu||||| |||| 00| 0 eng d | ||
| 020 | _a1-58488-492-4 | ||
| 040 | _c. | ||
| 082 | _a515.2433 WIE | ||
| 100 |
_aWienands, Roman, Joppich, Wolfgang _961710 |
||
| 245 | _aPractical fourier analysis for multigrid mehtods | ||
| 260 |
_aNEW DELHI _bCHAPMAN & HALL _c2005 |
||
| 300 | _a215 P | ||
| 650 |
_aFOURIER ANALYSIS, MULTIGRID METHODS (NUMERICAL ANALYSIS) _961711 |
||
| 942 |
_cBK _2ddc |
||
| 999 |
_c571069 _d571069 |
||